The Chemical Industry in Europe, 1850–1914 : (Record no. 615141)

MARC details
000 -LEADER
fixed length control field 00536nam a2200193 a 4500
008 - FIXED-LENGTH DATA ELEMENTS--GENERAL INFORMATION
fixed length control field 260221s1998##################000#0#eng##
020 ## - INTERNATIONAL STANDARD BOOK NUMBER
ISBN 9780792348894
082 04 - DEWEY DECIMAL CLASSIFICATION NUMBER
Classification number 338.47660094
Item number HOM
100 1# - MAIN ENTRY--AUTHOR NAME
Personal name Homburg, Ernst,
245 10 - TITLE STATEMENT
Title The Chemical Industry in Europe, 1850–1914 :
260 ## - PUBLICATION, DISTRIBUTION, ETC. (IMPRINT)
Name of publisher Springer Science & Business Media,
Year of publication 1998.
300 ## - PHYSICAL DESCRIPTION
Number of Pages 360 pages
650 #0 - SUBJECT ADDED ENTRY--TOPICAL TERM
Topical Term Science.
942 ## - ADDED ENTRY ELEMENTS (KOHA)
Koha item type English Books
Holdings
Withdrawn status Lost status Damaged status Not for loan Home library Current library Shelving location Date acquired Full call number Accession Number Price effective from Koha item type
        Anna Centenary Library Anna Centenary Library 4TH FLOOR, A WING 21.02.2026 338.47660094 HOM 304237 21.02.2026 English Books

Find us on the map